00395pab a2200121 454500008004000000100001600040245013200056260000900188300000900197362001000206650004500216773001200261180718b1984 xxu||||| |||| 00| 0 eng d aJoshi, A.K. aA federal remedybA symposium on the constitutional provision for an inter - state council - a select and relevant bibliography c1984 a45-7 aSept. aFederal - State Relations - Bibliography aSeminar